Catálogo

Vista normal Vista MARC

Entrada Personal Name

Número de registros utilizados en: 1

001 - CONTROL NUMBER

  • control field: 17537

003 - CONTROL NUMBER IDENTIFIER

  • control field: DLC

005 - DATE AND TIME OF LATEST TRANSACTION

  • control field: 20251001145009.0

008 - FIXED-LENGTH DATA ELEMENTS

  • fixed length control field: 900905n| acannaabn |a aaa

010 ## - LIBRARY OF CONGRESS CONTROL NUMBER

  • LC control number: n 90689268
  • Canceled/invalid LC control number: n 89630522

035 ## - SYSTEM CONTROL NUMBER

  • System control number: (OCoLC)oca02810046

040 ## - CATALOGING SOURCE

  • Original cataloging agency: DLC
  • Language of cataloging: spa
  • Transcribing agency: Mx-PuUPA
  • Modifying agency: DLC
  • Modifying agency: OCoLC
  • Modifying agency: LNT
  • Modifying agency: Mx-PuUPA
  • Description conventions: rda

100 1# - HEADING--PERSONAL NAME

  • Personal name: Castañeda Batres, Oscar,

374 ## - OCCUPATION

  • Occupation: Autor

375 ## - GENDER

  • Gender: hombre

377 ## - ASSOCIATED LANGUAGE

  • Language code: spa

400 1# - SEE FROM TRACING--PERSONAL NAME

  • Personal name: Batres, Oscar Castañeda

670 ## - SOURCE DATA FOUND

  • Source citation: His Revolución Mexicana, 1989:
  • Information found: t.p. (Oscar Castañeda Batres)

670 ## - SOURCE DATA FOUND

  • Source citation: nuc89-54311: Díaz del Castillo, B. Historia verdadera de la conquista ... 1977
  • Information found: (hdg. on NcU rept.: Casteñeda Batres, Oscar)

670 ## - SOURCE DATA FOUND

  • Source citation: Castañeda Batres, O. Panorama de la poesía hondureña, 2004:
  • Information found: t.p. (Oscar Castañeda Batres) p. 7 (b. 15 Aug. 1925 in Santa Rosa de Copán, [Honduras]; d. 27 Jan. 1994 in Mexico City; founder of the Partido Revolucionario Hondureño; worked as a political journalist) p. 4 of cover (licenciado; moved to Mexico City very young, where he stayed until death; journalist)